| 000 | 02506nam0a2200433 4500 | ||
|---|---|---|---|
| 001 | RU\NLR\BIBL_A\021996301 | ||
| 005 | 20231003103221.0 | ||
| 010 |
_a978-5-6049595-1-0 _9100 |
||
| 021 |
_aRU _bКН-П-23-041654 _9КН-П-23-4165 |
||
| 035 | _a(NLR Aleph) 021996301 | ||
| 035 | _a(RuMoRGB)011885321 | ||
| 090 |
_a12441798 _c12441798 |
||
| 100 | _a20230803d2023 c y0rusy50 ca | ||
| 101 | 0 | _arus | |
| 102 | _aRU | ||
| 105 | _aа|||f|||000zy | ||
| 181 | 0 |
_ai3 _baxxe |
|
| 182 | 0 | _an | |
| 200 | 1 |
_aЭнциклопедия для детей "Художественные путешествия по родному краю" _fКотлякова Т. А., Дубова А. П., Горничнова С. К. [и др.] _gответственный редактор: Котлякова Т. А. _gМуниципальное бюджетное дошкольное образовательное учреждение Центр развития ребенка Детский сад № 231, г. Ульяновск |
|
| 203 |
_aТекст _bвизуальный _cнепосредственный |
||
| 210 |
_aУльяновск _cКачалин Александр Васильевич _d2023 |
||
| 215 |
_a189 с. _cцв. ил. _d29 |
||
| 300 | _aАвт. указаны на обороте тит. с. | ||
| 320 | _aБиблиогр.: с. 184-187 | ||
| 517 | 1 | _aХудожественные путешествия по родному краю | |
| 606 | 1 |
_aДошкольники _xХудожественное воспитание _yУльяновская область _92564884 _3RU\NLR\AUTH\6601729035 |
|
| 606 | 1 |
_aКраеведческая работа _xДошкольные учреждения _yУльяновская область _92457757 _3RU\NLR\AUTH\6601678206 |
|
| 606 | 1 |
_2nlr_sh2 _aПрогулки в дошкольных учреждениях _yУльяновская область _92564919 _3RU\NLR\AUTH\6601729051 |
|
| 675 |
_a373.2.025 _v4 |
||
| 686 | 1 | _aЧ411.35 | |
| 701 | 1 |
_aКотлякова _bТ. А. _gТатьяна Анатольевна |
|
| 701 | 1 |
_aДубова _bА. П. _gАнастасия Петровна |
|
| 701 | 1 |
_aГорничнова _bС. К. _gСветлана Константиновна |
|
| 712 | 0 | 2 |
_4475 _aДетский сад _c231; Ульяновск _9857223 _3RU\NLR\AUTH\880595958 |
| 942 | _cBOOK | ||
| 980 | _aNB | ||